000 nam a22 7a 4500
999 _c30324
_d30324
008 190516b xxu||||| |||| 00| 0 eng d
020 _a9966778837
040 _amksu
050 _aHD 2741
_b.B63 2011
100 _a Sanda, Ahmadu
245 _aBoard independence and firm financial performance :
_b evidence from Nigeria /
_c Sanda, Ahmadu; African Economic Research Consortium; Garba, Tukur; Mikailu, Aminu S.
260 _aNairobi :
_bThe African Economic Research Consortium,
_c2011.
300 _avi,35p. :
_bill. ;
_c25cm.
504 _ainclude bibliographic references.
650 _aNigeria.
650 _aCorporate governance.
700 _aMikailu, Aminu S.
700 _a Garba, Tukur.
711 _a African Economic Research Consortium.
_dJanuary 2011.
942 _2lcc
_cAFRICANA
_hHD 2741 .B63 2011